Social behaviour in animals
Spremljeno u:
| Glavni autor: | |
|---|---|
| Format: | Knjiga |
| Jezik: | Undetermined |
| Izdano: |
London
Chapman and Hall Ltd.
1953
|
| Teme: | |
| Oznake: |
Dodaj oznaku
Bez oznaka, Budi prvi tko označuje ovaj zapis!
|
| Thư viện lưu trữ: | Trung tâm Học liệu Trường Đại học Cần Thơ |
|---|
| LEADER | 00470nam a2200181Ia 4500 | ||
|---|---|---|---|
| 001 | CTU_89475 | ||
| 008 | 210402s9999 xx 000 0 und d | ||
| 082 | |a 591.55 | ||
| 082 | |b T587 | ||
| 100 | |a Tinbergen, N. | ||
| 245 | 0 | |a Social behaviour in animals | |
| 245 | 0 | |c N. Tinbergen | |
| 260 | |a London | ||
| 260 | |b Chapman and Hall Ltd. | ||
| 260 | |c 1953 | ||
| 650 | |a Animal behavior | ||
| 904 | |i Mai Loan | ||
| 980 | |a Trung tâm Học liệu Trường Đại học Cần Thơ | ||